| Поле | Инд. | ПП | Название | Значение |
|---|---|---|---|---|
| Тип записи | a | |||
| Библиографический уровень | m | |||
| 001 | Контрольный номер | RU/IS/BASE/264543997 | ||
| 005 | Дата корректировки | 20260313093909.0 | ||
| 008 | Кодируемые данные | 19971112 | ||
| 040 | 00 | e | Правила каталог. | Л 971112 |
| 084 | a | Индекс другой классификации/Индекс ББК | 22.3я43; 22.314я43; 22.33я43 | |
| 090 | 00 | a | Полочн. индекс | 22.3я43 |
| x | Авторский знак | Ф 503 | ||
| 097 | 00 | a | 230 | |
| 245 | 00 | a | Заглавие | Физика за рубежом. 1986 |
| b | Продолж. заглавия | сборник статей | ||
| c | Ответственность | составитель Ю. А. Данилов | ||
| 246 | 01 | a | Другая форма заглавия | Классическая механика; Электродинамика; Квантовая механика; Теория относительности |
| 260 | 00 | a | Место издания | Москва |
| b | Издательство | Мир | ||
| c | Дата издания | 1986 | ||
| 300 | 00 | a | Объем | 232 с. |
| b | Иллюстрации/ тип воспроизводства | ил. | ||
| 336 | a | Термин вида содержания | Текст | |
| 337 | a | Термин типа средства | непосредственный | |
| 440 | 00 | a | Серия | Серия Б |
| p | Название части | Преподавание | ||
| 505 | 0_ | a | Форматированное содержание | Возбуждение составной частицы при столкновениях |
| b | Автор | Ньюби Н. | ||
| 505 | 0_ | a | Форматированное содержание | Дифракция электронов на макроскопических объектах |
| b | Автор | Анидо Г. | ||
| b | Автор | Миллер Д. | ||
| 505 | 0_ | a | Форматированное содержание | К вопросу об эквивалентности классического и квантовомеханического движений |
| b | Автор | Флойд Э. | ||
| 505 | 0_ | a | Форматированное содержание | Классическая механика и спин электрона |
| b | Автор | Хезлот А. | ||
| 505 | 0_ | a | Форматированное содержание | Неустойчивость при торможении автомобиля |
| b | Автор | Унру В. | ||
| 505 | 0_ | a | Форматированное содержание | Об уравнении Паули-Шредингера |
| b | Автор | Чепмен Т. | ||
| b | Автор | Серсо О. | ||
| 505 | 0_ | a | Форматированное содержание | Парадоксы и непарадоксы причинности: классические сверхветовые сигналы и квантовые измерения |
| 505 | 0_ | a | Форматированное содержание | Расплывание релятивистского волнового пакета |
| b | Автор | Альмейда К. | ||
| b | Автор | Джэбс А. | ||
| 505 | 0_ | a | Форматированное содержание | Решение задач статики с помощью потоков импульса |
| b | Автор | Германн Ф. | ||
| b | Автор | Шмид Дж. | ||
| 505 | 0_ | a | Форматированное содержание | Теория относительности без постулата о постоянстве скорости света |
| b | Автор | Мермин Н. Д. | ||
| 505 | 0_ | a | Форматированное содержание | Упрощенный вывод уравнения Гамильтона-Якоби |
| b | Автор | Ян К. К. | ||
| 505 | 0_ | a | Форматированное содержание | Электродинамика диспергирующих сред |
| b | Автор | Рей Смит С. | ||
| b | Автор | Ингува Р. | ||
| 505 | 0_ | a | Форматированное содержание | Энтропия |
| b | Автор | Эндрю К. | ||
| 650 | 04 | a | Основная рубрика | физика |
| 653 | 00 | a | Ключевые слова | Гамильтона-Якоби уравнения |
| a | Ключевые слова | движение | ||
| a | Ключевые слова | диспергирующие среды | ||
| a | Ключевые слова | дифракция электронов | ||
| a | Ключевые слова | задачи | ||
| a | Ключевые слова | квантовая механика | ||
| a | Ключевые слова | квантово-механическое движение | ||
| a | Ключевые слова | квантовые измерения | ||
| a | Ключевые слова | классическое движение | ||
| a | Ключевые слова | механика | ||
| a | Ключевые слова | парадоксы | ||
| a | Ключевые слова | Паули-Шредингера уравнение | ||
| a | Ключевые слова | причинность | ||
| a | Ключевые слова | релятивизм | ||
| a | Ключевые слова | сверхсветовые сигналы | ||
| a | Ключевые слова | спин электрона | ||
| a | Ключевые слова | статика | ||
| a | Ключевые слова | теория относительности | ||
| a | Ключевые слова | устойчивость | ||
| a | Ключевые слова | эквивалентность | ||
| a | Ключевые слова | электродинамика | ||
| a | Ключевые слова | элементарные частицы | ||
| a | Ключевые слова | энтропия | ||
| a | Ключевые слова | ядерная физика | ||
| 700 | 10 | a | Автор | Данилов Ю. А. |
| e | Роль лиц | составитель | ||
| 900 | a | Имя электронного ресурса | obl_Foreign physics86 | |
| x | Справочная информация | Обложка | ||
| 901 | t | Тип документа | m | |
| 952 | a | Тип литературы для КСУ ВШ | НАУ |